|
|
|
|
| LEADER |
00000nam a22000007a 4500 |
| 005 |
20171102191619.0 |
| 007 |
cr|||| |||| |
| 008 |
171102s2010 xxc|||||s|||| 00||0 eng d |
| 020 |
|
|
|a 978-1-55221-193-9
|
| 035 |
|
|
|a 20684
|
| 040 |
|
|
|a vLex
|
| 090 |
|
|
|c 7195
|d 7195
|
| 100 |
1 |
|
|a Coughlan, Steve
|
| 245 |
1 |
0 |
|a Irwin Law
|h [Recurso electrn̤ico] :
|b Detention and Arrest (First Edition) /
|c Steve Coughlan (Professor of Law. Dalhousie University); Glen Luther (Associate Professor, College of Law, Saskatchewan)
|
| 250 |
|
|
|a First Edition
|
| 256 |
|
|
|a Servicio en ln̕ea
|
| 260 |
|
|
|a Toronto:
|b Irwin Law Inc.,
|c 2010
|
| 300 |
|
|
|a 1 recurso electrn̤ico
|
| 506 |
1 |
|
|a Disponible solo en los productos indicados
|d vLex Global
|d vLex Global (Academic Edition, excluding Law Schools)
|d vLex Global (U.S. Academic Edition, Law Schools)
|d vLex Global (U.S. Academic Edition, excluding Law Schools)
|d vLex Global (Academic Edition, Law Schools)
|
| 650 |
0 |
4 |
|a Derecho penal
|z Canad̀
|
| 650 |
0 |
4 |
|a Derecho procesal
|z Canad̀
|
| 700 |
1 |
|
|a Luther, Glen
|
| 740 |
0 |
|
|a vLex Libros (Servicio en ln̕ea)
|
| 856 |
4 |
0 |
|u http://vlex.com/source/detention-arrest-20684
|z Acceso restringido
|
| 942 |
|
|
|c BOOK
|
| 999 |
0 |
|
|a Criminal law
|
| 999 |
0 |
|
|a Procedure (Law)
|